00389nam a2200133Ia 45000010005000000080041000050820014000461000032000602450096000922600016001885900007002049010027002119990017002383303241024s9999 xx 000 0 und d a370/M665f aMinistry of Foreign Affairs 0aJapan'S Official Development Assistance White Paper 2012. Japan'S International Cooperation bJaponc2013 asi a20/9/2013 9:24:01 a.m. c10985d10985